000 00603nam a2200205Ia 4500
001 21027
003 GE_BSU
008 181216s||||||||xx |||||||||||||| ||und||
040 _cGE_BSU
245 _aНеврологический журнал, №5 том 21 2016.
245 _bJournal of Neorology.
245 _cГл. ред.Н.Н. ЯХНО и др.
260 _aМосква
260 _bМедицина
260 _c2016
300 _a312 стр. 29см. илл.
653 _aМедицина
653 _aНеврологический журнал, №5 том 21 2016.
942 _cCR
999 _c53976
_d53976